• 首页
  • 本馆介绍
  • 公告通知
  • 最新文献
  • 馆藏检索
  • 电子资源
  • 读者导购
  • 参考咨询
  • 我的图书馆
  • 登录
  • 详细信息显示
  • 放入我的书架
  • 预约/预借图书
  • 作者相关作品
  • 分类相关作品
  • 丛书相关作品
  • 出版社相关作品

书目信息

  • 表格格式
  • 工作单格式
  • 卡片格式
题名:
教育新视界
    
 
作者: 孙先亮 著
分册:  
出版信息: 北京   北京教育出版社  2021.07
页数: 238页
开本: 24cm
丛书名: 新时代教育丛书
单 册:
中图分类: G632.0-53
科图分类:
主题词: 中学教育--zhong xue jiao yu--教育研究--文集
电子资源:
ISBN: 978-7-5704-3428-2
000 01094nam 2200265 450
001 012001003167
005 20141204131912.0
010    @a978-7-5704-3428-2@dCNY68.00
099    @aCAL 012022005819
100    @a20220905d2021 em y0chiy50 ea
101 0  @achi
102    @aCN@b110000
105    @aa z 000yy
106    @ar
200 1  @a教育新视界@Ajiao yu xin shi jie@f孙先亮著
210    @a北京@c北京教育出版社@d2021.07
215    @a238页@c图@d24cm
225 2  @a新时代教育丛书@Axin shi dai jiao yu cong shu@i名校长系列
330    @a本书分为四大篇章,围绕尊重孩子、教育的价值、教育创新、教育智慧等关键词展开,提出了“尊重孩子是教育的基点”“教育的价值在于促进人的发展”“教育创新激发学生的发展动能”“教育新思维创生教育智慧”等核心观点,并回顾了青岛二中近年来开展的互联网+教学、学生发展的组织再造、创新人才培养模式的建构等教育工作。
410  0 @12001 @a新时代教育丛书@i名校长系列
606 0  @a中学教育@Azhong xue jiao yu@x教育研究@j文集
690    @aG632.0-53@v5
701  0 @a孙先亮@Asun xian liang@4著
801  0 @aCN@bAHXH@c20221111
905    @b1374210-2@dG632.0-53@e1502@f3
    
    教育新视界/孙先亮著.-北京:北京教育出版社,2021.07
    238页:图;24cm.-(新时代教育丛书.名校长系列)
    
    
    ISBN 978-7-5704-3428-2:CNY68.00
    本书分为四大篇章,围绕尊重孩子、教育的价值、教育创新、教育智慧等关键词展开,提出了“尊重孩子是教育的基点”“教育的价值在于促进人的发展”“教育创新激发学生的发展动能”“教育新思维创生教育智慧”等核心观点,并回顾了青岛二中近年来开展的互联网+教学、学生发展的组织再造、创新人才培养模式的建构等教育工作。
●
相关链接 在E读中查询图书 在五车中查询图书 在当当中查询图书 在豆瓣中查询图书


正题名:教育新视界     索取号:G632.0-53/1502         预约/预借

序号 登录号 条形码 馆藏地/架位号 状态 备注
1 1374210   213742100   第一样本阅览室/ [索取号:G632.0-53/1502] 在馆    
2 1374211   213742119   第四借阅区/ [索取号:G632.0-53/1502] 在馆    
3 1374212   213742128   第四借阅区/ [索取号:G632.0-53/1502] 在馆    
欢迎您!
大连网信软件有限公司© 版权所有